[Event "34th Chess Olympiad (men)"]
[Site "Istanbul"]
[Date "2000.10.31"]
[Round "4.15.4"]
[White "Inarkiev, Ernesto"]
[Black "Runic, Zoran"]
[WhiteElo "2432"]
[BlackElo "2425"]
[WhiteCountry "KGZ"]
[BlackCountry "BIH"]
[Result "1-0"]

1. d4 d6 2. c4 Nf6 3. Nc3 g6 4. e4 Bg7 5. Nge2 Nbd7 6. Ng3 h5 7. Be2 h4 
8. Nf1 h3 9. g3 a6 10. Ne3 c5 11. d5 b5 12. cxb5 axb5 13. Bxb5 Ba6 
14. Bxa6 Rxa6 15. O-O O-O 16. Qc2 Qc8 17. f4 c4 18. Qe2 Nc5 19. Nxc4 Qg4 
20. Qc2 Rc8 21. Be3 Ncxe4 22. Nxe4 Nxd5 23. Qd3 Nb4 24. Qb3 Qe6 25. Ned2 Qd5 
26. Rf2 Nd3 27. Re2 Rac6 28. Rd1 Nc5 29. Qb5 Qd3 30. Na3 Bxb2 31. Qxd3 Nxd3 
32. Ndc4 Bxa3 33. Nxa3 Nb4 34. Rd4 Na6 35. Kf2 Nc5 36. Kf3 f5 37. Rc4 Ne4 
38. Rxc6 Rxc6 39. Rc2 Ra6 40. Nb1 Kf7 41. g4 Nf6 42. g5 Ng4 43. Bg1 Ra4 
44. Kg3 e5 45. fxe5 Nxe5 46. Kxh3 Ke6 47. Kg2 Nf7 48. Be3 f4 49. Bd2 Nxg5 
50. a3 Kf5 51. Bb4 Ra6 52. Nc3 Nf7 53. Rd2 g5 54. Nb5 Ke5 55. Kf3 d5 
56. Bc3+ d4 57. Rxd4 g4+ 58. Kxg4 Rg6+ 59. Kf3 Ng5+ 60. Ke2 Ne4 61. Rd3+ Nxc3+ 
62. Rxc3 Rg2+ 63. Kf3 Rxh2 64. Rc5+ Ke6 65. Kxf4 Kd7 66. Ke4 
1-0

[Event "34th Chess Olympiad (men)"]
[Site "Istanbul"]
[Date "2000.10.31"]
[Round "4.16.2"]
[White "Ruzele, Darius"]
[Black "Miladinovic, Igor"]
[WhiteElo "2541"]
[BlackElo "2563"]
[WhiteCountry "LTU"]
[BlackCountry "GRE"]
[Result "1/2-1/2"]

1. d4 d5 2. c4 Bf5 3. cxd5 Bxb1 4. Qa4+ c6 5. Rxb1 Qxd5 6. e3 Nd7 7. a3 Qe4 
8. Ra1 e5 9. Nf3 Nc5 10. Qc4 exd4 11. b4 Ne6 12. Bd3 Qg4 13. O-O Bd6 
14. exd4 Ne7 15. Re1 Nf4 16. Bxf4 Qxf4 17. Re4 Qf6 18. Ne5 Rd8 19. g3 O-O 
20. Rae1 Nd5 21. b5 Bxe5 22. dxe5 Qf3 
1/2-1/2

[Event "34th Chess Olympiad (men)"]
[Site "Istanbul"]
[Date "2000.10.31"]
[Round "4.16.3"]
[White "Nikolaidis, Ioannis"]
[Black "Sakalauskas, Vaidas"]
[WhiteElo "2515"]
[BlackElo "2420"]
[WhiteCountry "GRE"]
[BlackCountry "LTU"]
[Result "1/2-1/2"]

1. d4 d5 2. Nf3 e6 3. c4 dxc4 4. e3 c5 5. Bxc4 a6 6. O-O Nf6 7. Bd3 cxd4 
8. exd4 Be7 9. Nc3 b5 10. a4 b4 11. Ne4 Bb7 12. Qe2 O-O 13. Bg5 
1/2-1/2

[Event "34th Chess Olympiad (men)"]
[Site "Istanbul"]
[Date "2000.10.31"]
[Round "4.16.4"]
[White "Butnorius, Algimantas"]
[Black "Halkias, Stelios"]
[WhiteElo "2434"]
[BlackElo "2502"]
[WhiteCountry "LTU"]
[BlackCountry "GRE"]
[Result "1/2-1/2"]

1. Nf3 e6 2. d4 c5 3. c4 Nf6 4. g3 cxd4 5. Nxd4 a6 6. Bg2 Qc7 7. b3 Bb4+ 
8. Bd2 Be7 9. Nc3 Nc6 10. Nc2 O-O 11. O-O b6 12. e4 Bb7 13. Qe2 d6 
14. Rac1 Rad8 15. Kh1 Qb8 16. f4 Rfe8 17. Be3 Ba8 18. Rfd1 Bf8 19. Bg1 g6 
20. Ne1 Bg7 21. Qf1 Nd7 22. Nf3 Nc5 23. Nd2 Rc8 24. a3 Nd7 25. b4 a5 26. b5 Nd4 
27. Na4 Nc5 28. Nxc5 bxc5 29. a4 f5 30. Re1 Re7 31. exf5 gxf5 32. Bxa8 Qxa8+ 
33. Qg2 Qa7 34. Nf3 Qd7 
1/2-1/2

[Event "34th Chess Olympiad (men)"]
[Site "Istanbul"]
[Date "2000.10.31"]
[Round "4.17.1"]
[White "Lesiege, Alexandre"]
[Black "Topalov, Veselin"]
[WhiteElo "2584"]
[BlackElo "2707"]
[WhiteCountry "CAN"]
[BlackCountry "BUL"]
[Result "1/2-1/2"]

1. d4 Nf6 2. c4 c5 3. Nf3 cxd4 4. Nxd4 e6 5. g3 d5 6. Bg2 e5 7. Nb3 d4 
8. O-O Nc6 9. Bg5 Be7 10. N1d2 O-O 11. Rc1 a5 12. Bxf6 Bxf6 13. Nc5 Bg5 
14. Nce4 Bh6 15. c5 Be6 16. Nd6 f5 17. f4 e4 18. Nxb7 Qd7 19. Nd6 g6 
20. N2xe4 fxe4 21. Bxe4 Rab8 22. Qa4 Nb4 23. Qxd7 Bxd7 24. a3 Nc6 25. Bd5+ Kg7 
26. Nc4 g5 27. f5 g4 28. f6+ Kh8 29. Rc2 Bg5 30. Rcc1 
1/2-1/2

[Event "34th Chess Olympiad (men)"]
[Site "Istanbul"]
[Date "2000.10.31"]
[Round "4.17.4"]
[White "Kolev, Atanas"]
[Black "Yoos, Jack"]
[WhiteElo "2582"]
[BlackElo "2000"]
[WhiteCountry "BUL"]
[BlackCountry "CAN"]
[Result "1-0"]

1. d4 Nf6 2. Nf3 g6 3. c4 Bg7 4. Nc3 O-O 5. e4 d6 6. h3 e5 7. d5 a5 8. Bg5 Na6 
9. Nd2 Qe8 10. g4 Kh8 11. Be2 Ng8 12. a3 Bd7 13. h4 f6 14. Be3 f5 15. gxf5 gxf5 
16. exf5 e4 17. Ndxe4 Bxf5 18. Ng3 Nc5 19. Nxf5 Rxf5 20. Qc2 Re5 21. Rh3 Qd7 
22. Rg3 Nh6 23. Bxc5 dxc5 24. O-O-O Rf8 25. Rdg1 Nf5 26. Bg4 Bh6+ 27. Kb1 Qe8 
28. Bxf5 Rfxf5 29. Ne4 Bf4 30. Rg7 Qf8 31. Rd7 Re7 32. Rxe7 Qxe7 33. Nxc5 Rf7 
34. Ne6 Qxh4 35. Qc3+ Qf6 36. Qxa5 Bd6 37. f4 b6 38. Qa8+ Bf8 39. Qe8 h6 
40. Nxf8 Rxf8 41. Qe5 Rf7 42. Rg6 Qxe5 43. fxe5 Rh7 44. e6 h5 45. Rh6 
1-0

[Event "34th Chess Olympiad (men)"]
[Site "Istanbul"]
[Date "2000.10.31"]
[Round "4.18.1"]
[White "Fedorov, Alexei"]
[Black "Wu, Shaobin"]
[WhiteElo "2646"]
[BlackElo "2523"]
[WhiteCountry "BLR"]
[BlackCountry "SIN"]
[Result "1/2-1/2"]

1. e4 c6 2. d4 d5 3. e5 Bf5 4. Nc3 e6 5. g4 Bg6 6. Nge2 Ne7 7. Nf4 c5 
8. h4 cxd4 9. Nb5 Nec6 10. h5 Be4 11. f3 a6 12. fxe4 axb5 13. exd5 exd5 
14. Bg2 Bb4+ 15. Bd2 Bxd2+ 16. Qxd2 Nxe5 17. h6 g6 18. Nxd5 Nbc6 19. O-O O-O 
20. Nf6+ Kh8 21. Qf4 d3 22. c3 Ra4 23. b4 d2 24. Bxc6 Nxc6 25. Nd7 Re8 
26. Rad1 Rxa2 27. Qxf7 Qe7 28. Qf4 g5 29. Qf3 Qd6 30. Nf6 Rf8 31. Qe4 Qg3+ 
32. Kh1 Qh3+ 33. Kg1 Qg3+ 34. Kh1 
1/2-1/2

[Event "34th Chess Olympiad (men)"]
[Site "Istanbul"]
[Date "2000.10.31"]
[Round "4.18.2"]
[White "Wong, Meng-Kong"]
[Black "Kovalev, Andrei"]
[WhiteElo "2507"]
[BlackElo "2537"]
[WhiteCountry "SIN"]
[BlackCountry "BLR"]
[Result "0-1"]

1. Nf3 Nf6 2. b3 g6 3. Bb2 Bg7 4. e3 c5 5. Be2 O-O 6. O-O b6 7. d4 Bb7 
8. c4 cxd4 9. Nxd4 Nc6 10. Nd2 d5 11. Nxc6 Bxc6 12. Bf3 Rc8 13. Rc1 Qd7 
14. Qe2 Qb7 15. Bxf6 exf6 16. c5 bxc5 17. Rxc5 Qb4 18. Rxc6 Rxc6 19. Qd3 f5 
20. Bxd5 Rc3 21. Qa6 Rd8 22. Qxa7 Rd3 23. Bxf7+ Kh8 24. Nf3 R3d7 25. Qxd7 Rxd7 
26. Bc4 Qa3 27. h4 Qxa2 28. h5 Qc2 29. hxg6 hxg6 30. g3 Rd1 31. Rxd1 Qxd1+ 
32. Kg2 Bf6 33. Nh2 Kg7 34. Nf3 Qa1 35. Bd5 Qa5 36. Be6 Qa8 37. g4 Qe4 
0-1

[Event "34th Chess Olympiad (men)"]
[Site "Istanbul"]
[Date "2000.10.31"]
[Round "4.18.3"]
[White "Dydyshko, Viacheslav"]
[Black "Chan, Peng-Kong"]
[WhiteElo "2525"]
[BlackElo "2395"]
[WhiteCountry "BLR"]
[BlackCountry "SIN"]
[Result "1/2-1/2"]

1. d4 Nf6 2. Nf3 e6 3. c4 b6 4. g3 Ba6 5. b3 Bb4+ 6. Bd2 Be7 7. Bg2 Bb7 
8. Nc3 O-O 9. O-O d5 10. cxd5 exd5 11. Bg5 Ne4 12. Bxe7 Qxe7 13. Rc1 Na6 
14. Qc2 c5 15. Qb2 Rfe8 16. e3 Rad8 17. Rfd1 g6 18. a3 cxd4 19. Nxd4 Nac5 
20. b4 Nxc3 21. Qxc3 Ne4 22. Qb2 Rc8 23. Bh3 Rc4 24. Bf1 Rxc1 25. Rxc1 Rc8 
26. Rxc8+ Bxc8 27. Qc2 Be6 28. Bg2 Nd6 29. Qc6 Nc4 30. Bxd5 Bxd5 31. Qxd5 Nxe3 
32. fxe3 Qxe3+ 33. Kf1 Qd3+ 34. Ke1 Qc3+ 35. Ke2 Qb2+ 36. Kd3 Qxa3+ 37. Qb3 Qc1 
38. Qc2 Qf1+ 39. Qe2 Qb1+ 40. Kc4 a5 41. bxa5 bxa5 42. Qe8+ Kg7 43. Qe5+ Kg8 
44. Qxa5 Qf1+ 45. Kc5 Qc1+ 46. Kd6 Qb2 47. Nc6 Qxh2 48. Ke7 h5 49. Qd8+ Kh7 
50. Kxf7 Qa2+ 51. Ke7 Qe2+ 52. Kd6 Qd3+ 53. Ke6 Qb3+ 54. Qd5 Qxd5+ 55. Kxd5 h4 
56. gxh4 g5 57. hxg5 Kg6 58. Ke4 
1/2-1/2

[Event "34th Chess Olympiad (men)"]
[Site "Istanbul"]
[Date "2000.10.31"]
[Round "4.18.4"]
[White "Ong, Chong-Ghee"]
[Black "Kupreichik, Viktor D"]
[WhiteElo "2342"]
[BlackElo "2472"]
[WhiteCountry "SIN"]
[BlackCountry "BLR"]
[Result "0-1"]

1. d4 d5 2. c4 c6 3. Nf3 Nf6 4. Nc3 dxc4 5. a4 Bf5 6. e3 e6 7. Bxc4 Bb4 
8. O-O O-O 9. Qe2 Nbd7 10. e4 Bg6 11. Bd3 Bh5 12. Bf4 Re8 13. h3 e5 
14. dxe5 Bg4 15. Nh4 Bf3 16. Qxf3 Nxe5 17. Bxe5 Rxe5 18. Ne2 g6 19. Bc2 Qe7 
20. Ng3 h5 21. Qb3 Qc5 22. Kh1 Re6 23. f4 Re7 24. e5 Nd5 25. Be4 Kf8 
26. Qf3 Rd8 27. Bf5 Ke8 28. e6 Rc7 29. Rac1 Qd4 30. Rcd1 fxe6 31. Bxe6 Qf6 
32. Qxh5 Ke7 33. Bxd5 Rxd5 34. Rxd5 cxd5 35. Qxd5 Bd6 36. Qg8 Qe6 37. Qg7+ Kd8 
38. Qxc7+ Rc1+ 39. Kh2 Rc2 40. Qc3 Rxc3 41. Re3 a5 42. Rd3 Kc7 43. Rd4 Bc5 
44. Re4 Kc6 45. Re2 Rxe2 
0-1

[Event "34th Chess Olympiad (men)"]
[Site "Istanbul"]
[Date "2000.10.31"]
[Round "4.19.1"]
[White "Stefansson, Hannes"]
[Black "Kasimdzhanov, Rustam"]
[WhiteElo "2557"]
[BlackElo "2690"]
[WhiteCountry "ISL"]
[BlackCountry "UZB"]
[Result "0-1"]

1. e4 d6 2. d4 Nf6 3. Nc3 g6 4. Be3 Bg7 5. Qd2 c6 6. Bh6 Bxh6 7. Qxh6 e5 
8. O-O-O Qe7 9. f3 b5 10. Kb1 a6 11. g4 Nbd7 12. Nge2 Bb7 13. Qe3 O-O-O 
14. g5 Nh5 15. Bh3 Kb8 16. Bxd7 Rxd7 17. a4 exd4 18. Qxd4 Re8 19. h4 f6 
20. Rhg1 Rf8 21. axb5 axb5 22. Qe3 Rdd8 23. Rd3 b4 24. Na4 c5 25. Nb6 f5 
26. Nd5 Qe5 27. c3 Rfe8 28. Rgd1 fxe4 29. f4 Nxf4 
0-1

[Event "34th Chess Olympiad (men)"]
[Site "Istanbul"]
[Date "2000.10.31"]
[Round "4.19.2"]
[White "Zagrebelny, Sergey"]
[Black "Olafsson, Helgi"]
[WhiteElo "2536"]
[BlackElo "2478"]
[WhiteCountry "UZB"]
[BlackCountry "ISL"]
[Result "0-1"]

1. e4 c6 2. d4 d5 3. e5 Bf5 4. c3 e6 5. Be3 Nd7 6. Qb3 Qc7 7. Nd2 c5 8. f4 c4 
9. Qd1 Ne7 10. g4 Bg6 11. Be2 f6 12. Bf2 Nc6 13. Ngf3 Be7 14. O-O fxe5 
15. fxe5 b5 16. Nh4 Bf7 17. Ndf3 g5 18. Ng2 O-O-O 19. Be3 h6 20. a4 bxa4 
21. Qxa4 Bg6 22. b3 cxb3 23. Qxb3 Nb6 24. c4 dxc4 25. Bxc4 Nxc4 26. Qxc4 Be4 
27. Qxe6+ Qd7 28. Qxd7+ Kxd7 29. Nd2 Bd5 30. Ne1 h5 31. gxh5 Rxh5 32. Nd3 Rh4 
33. Rf2 Rdh8 34. Ne1 Rh3 35. Nf1 a5 36. Ng2 Ke6 37. Rb2 Bb4 38. Bxg5 Bc3 
39. Nf4+ Kf5 40. Nxh3 Rxh3 41. Ne3+ Kxg5 42. Nxd5 Bxb2 43. Ra4 Rd3 44. e6 Rxd4 
45. h4+ Kg4 46. Rxd4+ Bxd4+ 47. Kf1 a4 48. Nb4 a3 49. Ke2 Bc5 50. Nc2 a2 
51. Kd2 Bd4 
0-1

[Event "34th Chess Olympiad (men)"]
[Site "Istanbul"]
[Date "2000.10.31"]
[Round "4.19.4"]
[White "Barsov, Alexei"]
[Black "Gunnarsson, Jon Viktor"]
[WhiteElo "2534"]
[BlackElo "2368"]
[WhiteCountry "UZB"]
[BlackCountry "ISL"]
[Result "1-0"]

1. d4 Nf6 2. c4 c5 3. d5 b5 4. cxb5 a6 5. bxa6 Bxa6 6. Nc3 d6 7. g3 g6 
8. Bg2 Nbd7 9. Rb1 Bg7 10. Nf3 Nb6 11. b3 O-O 12. O-O Qc7 13. Bb2 e6 
14. dxe6 fxe6 15. Ng5 Rae8 16. Bh3 e5 17. a4 h6 18. Ne6 Qd7 19. Nf4 Qf7 
20. Qxd6 exf4 21. Qxb6 Bxe2 22. Nxe2 Rxe2 23. Rbe1 Rfe8 24. Rxe2 Rxe2 
25. Bxf6 Qxf6 26. Qxc5 Qd4 27. Qxd4 Bxd4 28. gxf4 Kf7 29. f5 gxf5 30. Bxf5 Kf6 
31. Bd3 Rd2 32. Bc4 Kf5 33. a5 Kf4 34. a6 Bc5 35. Kg2 Rb2 36. Bd5 Bb6 
37. Kh3 Rxf2 38. Re1 Rd2 39. Bc4 Rc2 40. Re7 Rc3+ 41. Kh4 Bd8 42. a7 Rc2 
43. Kh3 Ra2 44. Re8 
1-0

[Event "34th Chess Olympiad (men)"]
[Site "Istanbul"]
[Date "2000.10.31"]
[Round "4.20.1"]
[White "Kotsur, Pavel"]
[Black "Salmensuu, Olli"]
[WhiteElo "2589"]
[BlackElo "2458"]
[WhiteCountry "KAZ"]
[BlackCountry "FIN"]
[Result "1-0"]

1. e4 c5 2. Nf3 d6 3. d4 Nf6 4. Nc3 cxd4 5. Nxd4 g6 6. Be2 Bg7 7. O-O O-O 
8. Kh1 Nc6 9. Nb3 a6 10. f4 Bd7 11. a4 Na5 12. e5 Ne8 13. Nxa5 Qxa5 14. Nd5 Qd8 
15. a5 Be6 16. Bf3 Rb8 17. Re1 dxe5 18. fxe5 Bxd5 19. Qxd5 Qxd5 20. Bxd5 Nc7 
21. Bf3 Ne6 22. Bd2 Nd4 23. Bd1 Rfd8 24. Bf4 Rbc8 25. c3 Ne6 26. Bg3 Rd2 
27. Re2 Rcd8 28. Rxd2 Rxd2 29. b4 Ng5 30. Kg1 Ne4 31. Bf4 Rf2 32. Bf3 f5 
33. exf6ep Bxf6 34. Re1 Rxf3 35. gxf3 Nxc3 36. Be5 Kf7 37. Bxf6 Kxf6 
38. Kf2 Nd5 39. Rb1 Ke5 40. b5 Kd6 41. bxa6 bxa6 42. Rb8 Kc5 43. Ke2 Nb4 
44. Rb6 e5 45. h4 Nc6 46. Rxa6 Nd4+ 47. Kf2 Kb5 48. Ra7 Nf5 49. Rxh7 Kxa5 
50. h5 
1-0

[Event "34th Chess Olympiad (men)"]
[Site "Istanbul"]
[Date "2000.10.31"]
[Round "4.20.2"]
[White "Yrjola, Jouni"]
[Black "Vladimirov, Evgeny"]
[WhiteElo "2442"]
[BlackElo "2598"]
[WhiteCountry "FIN"]
[BlackCountry "KAZ"]
[Result "0-1"]

1. d4 Nf6 2. c4 e6 3. Nc3 Bb4 4. Qc2 O-O 5. a3 Bxc3+ 6. Qxc3 b6 7. Bg5 Ba6 
8. e3 d6 9. Bd3 Nbd7 10. Ne2 c5 11. Qc2 h6 12. Bh4 cxd4 13. exd4 Rc8 
14. Qa4 Bb7 15. O-O Bc6 16. Qd1 Qc7 17. Nc3 Rfe8 18. Re1 Qb7 19. f3 Qb8 
20. Qd2 Bb7 21. Nb5 a6 22. Nc3 d5 23. cxd5 exd5 24. Bf5 Rxe1+ 25. Rxe1 Re8 
26. Re3 Bc6 27. Bd3 b5 28. Nd1 Qb6 29. Rxe8+ Nxe8 30. Ne3 Nf8 31. Nf5 Ng6 
32. Bf2 Bd7 33. Qe3 Qf6 34. g4 Nc7 35. Bg3 Ne6 36. h4 Nef8 37. g5 hxg5 
38. hxg5 Qb6 39. Nd6 Ne6 40. Nf5 b4 41. axb4 Qxb4 42. Bxa6 Qxb2 43. Bd3 Bb5 
44. Bxb5 Qxb5 45. Be1 Qb1 46. Ng3 Ngf4 47. Nf1 Nxg5 48. Bg3 Nfe6 49. Bh4 Nh3+ 
0-1

[Event "34th Chess Olympiad (men)"]
[Site "Istanbul"]
[Date "2000.10.31"]
[Round "4.20.3"]
[White "Sadvakasov, Darmen"]
[Black "Karttunen, Mika"]
[WhiteElo "2509"]
[BlackElo "2399"]
[WhiteCountry "KAZ"]
[BlackCountry "FIN"]
[Result "1/2-1/2"]

1. e4 c5 2. Nf3 e6 3. d4 cxd4 4. Nxd4 a6 5. Bd3 Nf6 6. O-O Qc7 7. Qe2 d6 
8. b3 g6 9. Bb2 Bg7 10. Nd2 O-O 11. c4 Nbd7 12. f4 e5 13. fxe5 Nxe5 
14. N2f3 Bg4 15. Rae1 Rfe8 16. Bb1 d5 17. cxd5 Nxd5 18. Qf2 Bxf3 19. Nxf3 Nxf3+ 
20. Qxf3 Bxb2 21. exd5 Rxe1 22. Rxe1 
1/2-1/2

[Event "34th Chess Olympiad (men)"]
[Site "Istanbul"]
[Date "2000.10.31"]
[Round "4.20.4"]
[White "Holmsten, Aleksei"]
[Black "Kostenko, Petr"]
[WhiteElo "2383"]
[BlackElo "2466"]
[WhiteCountry "FIN"]
[BlackCountry "KAZ"]
[Result "1/2-1/2"]

1. e4 c5 2. Nf3 e6 3. d4 cxd4 4. Nxd4 a6 5. Bd3 g6 6. Be3 Bg7 7. O-O Nf6 
8. Nc3 O-O 9. h3 e5 10. Nde2 d5 11. exd5 Nxd5 12. Nxd5 Qxd5 13. Nc3 Qd8 
14. Be4 Qh4 15. Qf3 Nc6 16. Bxc6 bxc6 17. Qxc6 Rb8 18. Bc5 Bb7 19. Qa4 Qg5 
20. Ne4 Bxe4 21. Qxe4 Rfc8 22. b4 Bf8 23. Bxf8 Kxf8 24. Rab1 Qf4 25. Qxf4 exf4 
26. Rfc1 Rc3 27. Rb3 Rbc8 28. Rxc3 Rxc3 29. a4 Ke7 30. Kf1 f3 31. gxf3 Rxf3 
32. Re1+ Kd6 33. Re3 Rf4 34. Rb3 Rc4 35. Rd3+ Kc7 36. c3 a5 37. bxa5 Rxa4 
38. Rd4 Rxa5 39. Rh4 h5 40. Rf4 f5 41. h4 Rc5 42. c4 Kd6 43. Kg2 Ke5 
44. Kg3 Rc8 45. Kf3 Ra8 46. Kg3 Ra4 47. Rf3 Rxc4 48. Ra3 Rg4+ 49. Kh3 Rd4 
50. Kg3 f4+ 51. Kf3 Rd5 52. Rb3 Kf5 53. Ra3 Rb5 54. Rc3 g5 55. hxg5 Kxg5 
56. Rc8 Rb3+ 57. Ke4 Rb4+ 58. Kf3 Kh4 59. Rc5 Rb8 60. Kxf4 Rh8 61. Rc1 Rf8+ 
62. Ke3 Kh3 63. Rh1+ Kg2 64. Rxh5 Rf3+ 65. Ke4 Rxf2 66. Kd5 
1/2-1/2

[Event "34th Chess Olympiad (men)"]
[Site "Istanbul"]
[Date "2000.10.31"]
[Round "4.21.1"]
[White "Baburin, Alexander"]
[Black "Damljanovic, Branko"]
[WhiteElo "2590"]
[BlackElo "2559"]
[WhiteCountry "IRL"]
[BlackCountry "YUG"]
[Result "1/2-1/2"]

1. d4 Nf6 2. c4 c6 3. Nf3 d5 4. e3 Bf5 5. cxd5 cxd5 6. Qb3 Qc7 7. Bd2 Nc6 
8. Be2 e6 9. O-O Bd6 10. Nc3 a6 11. Rfc1 O-O 12. Na4 Ne4 13. Be1 Bg4 
14. h3 Bxf3 15. Bxf3 f5 16. Nc5 Bxc5 17. dxc5 Ng5 18. Be2 f4 19. exf4 Qxf4 
20. Qe3 Qf6 21. Bg4 Rae8 22. Rd1 Qg6 23. Qe2 Re7 24. Rac1 Ne4 25. f3 h5 
26. fxe4 hxg4 27. Qxg4 Qxg4 28. hxg4 dxe4 29. Bg3 e5 30. Re1 Rd7 31. Rxe4 
1/2-1/2

[Event "34th Chess Olympiad (men)"]
[Site "Istanbul"]
[Date "2000.10.31"]
[Round "4.21.2"]
[White "Ilincic, Zlatko"]
[Black "Heidenfeld, Mark"]
[WhiteElo "2563"]
[BlackElo "2375"]
[WhiteCountry "YUG"]
[BlackCountry "IRL"]
[Result "1-0"]

1. d4 Nf6 2. c4 g6 3. g3 c6 4. Bg2 d5 5. cxd5 cxd5 6. Nc3 Bg7 7. Nf3 O-O 
8. Ne5 e6 9. O-O Nfd7 10. f4 Nc6 11. Be3 f6 12. Nf3 Nb6 13. Bf2 f5 14. Ne5 Bd7 
15. Rc1 Nc8 16. Qb3 Na5 17. Qb4 Qb6 18. Qa3 Be8 19. Na4 Qd6 20. Nc5 b6 
21. Qc3 Ne7 22. b4 Nac6 23. Na6 Rc8 24. Qb3 Bd7 25. a4 Nb8 26. Nxb8 Rxb8 
27. b5 Rfc8 28. Be3 Bf8 29. Ra1 a6 30. Bd2 a5 31. Bc1 Be8 32. Ba3 Qd8 
33. Qe3 Rb7 34. Rac1 Rbc7 35. Rxc7 Rxc7 36. Nf3 Qd7 37. Rc1 Rxc1+ 38. Qxc1 h6 
39. Qe3 Bg7 40. Ne5 Qc7 41. Nc6 Nxc6 42. Qxe6+ Bf7 43. Qxc6 Bxd4+ 44. Kf1 Qxc6 
45. bxc6 Be6 46. c7 Kg7 47. Bxd5 Bc8 48. e4 fxe4 49. Bxe4 Kf6 50. h4 g5 
51. fxg5+ hxg5 52. h5 Ke6 53. h6 Kd7 54. Bf5+ 
1-0

[Event "34th Chess Olympiad (men)"]
[Site "Istanbul"]
[Date "2000.10.31"]
[Round "4.21.3"]
[White "Orr, Mark"]
[Black "Ivanisevic, Ivan"]
[WhiteElo "2309"]
[BlackElo "2530"]
[WhiteCountry "IRL"]
[BlackCountry "YUG"]
[Result "0-1"]

1. d4 d5 2. c4 c6 3. Nf3 Nf6 4. Nc3 e6 5. cxd5 exd5 6. Bg5 Bf5 7. e3 Nbd7 
8. Bd3 Bxd3 9. Qxd3 Bd6 10. O-O O-O 11. Bh4 Re8 12. Qc2 Qe7 13. Rfe1 Qe6 
14. Bg3 Bxg3 15. hxg3 Qd6 16. e4 dxe4 17. Nxe4 Nxe4 18. Rxe4 Rxe4 19. Qxe4 Nf8 
20. Rd1 Rd8 21. Rd2 Qe6 22. Qxe6 Nxe6 23. Kf1 f6 24. Ke2 Kf7 25. Ke3 h5 
26. Rd3 Rd7 27. Ra3 a6 28. Rd3 Nc7 29. Ng1 Nd5+ 30. Ke2 Nb4 31. Ra3 Nc2 
32. Rc3 Nxd4+ 33. Ke3 Nb5 34. Rc1 Rd5 35. Nf3 Nd6 36. Ke2 Nf5 37. Rc4 Ra5 
38. a4 Rd5 39. Rb4 b5 40. g4 c5 41. Rf4 hxg4 42. Rxg4 c4 43. axb5 axb5 
44. Re4 Nd6 45. Rh4 g5 46. Rh7+ Ke6 47. Nd2 Nf5 48. Ne4 Re5 49. f3 Ng3+ 
50. Ke3 Nxe4 51. fxe4 f5 52. Rh6+ Kf7 53. Rb6 Rxe4+ 54. Kf3 Re5 55. g3 Rd5 
56. Ke2 Kg7 57. Ke1 Kf7 58. Ke2 Ke7 59. Ke1 Kd7 60. Ke2 Kc7 61. Rg6 g4 
62. Rf6 Kb7 63. Ke1 Rd3 64. Rxf5 Kb6 
0-1

[Event "34th Chess Olympiad (men)"]
[Site "Istanbul"]
[Date "2000.10.31"]
[Round "4.21.4"]
[White "Vuckovic, Bojan"]
[Black "Collins, Sam"]
[WhiteElo "2444"]
[BlackElo "2172"]
[WhiteCountry "YUG"]
[BlackCountry "IRL"]
[Result "1-0"]

1. e4 c5 2. Nf3 e6 3. d4 cxd4 4. Nxd4 Nf6 5. Nc3 d6 6. Be2 Nc6 7. O-O Be7 
8. Be3 Bd7 9. f4 Nxd4 10. Qxd4 Bc6 11. Rfd1 O-O 12. a4 Qc7 13. Bf3 a6 
14. a5 Rac8 15. Qc4 Nd7 16. Ne2 Nf6 17. Bb6 Qb8 18. Qd3 d5 19. e5 Nd7 
20. Bd4 Bb5 21. Qd2 Bxe2 22. Bxe2 Bc5 23. c4 Bxd4+ 24. Qxd4 Nc5 25. Qe3 dxc4 
26. Bxc4 Qc7 27. b4 Nd7 28. Rac1 Qd8 29. Rd6 Qe7 30. Be2 Nf6 31. Bf3 Nd5 
32. Bxd5 exd5 33. Rc5 Rxc5 34. Qxc5 Rd8 35. h3 Rxd6 36. exd6 Qe6 37. Qc7 Qe3+ 
38. Kh1 
1-0

[Event "34th Chess Olympiad (men)"]
[Site "Istanbul"]
[Date "2000.10.31"]
[Round "4.22.2"]
[White "Handoko, Edhi"]
[Black "Klovans, Janis"]
[WhiteElo "2435"]
[BlackElo "2481"]
[WhiteCountry "INA"]
[BlackCountry "LAT"]
[Result "1/2-1/2"]

1. e4 c5 2. c3 Nf6 3. e5 Nd5 4. d4 cxd4 5. Nf3 Nc6 6. Bc4 Nb6 7. Bb3 g6 
8. Ng5 d5 9. exd6ep e6 10. Qf3 Ne5 11. Qe2 Bg7 12. Ne4 h6 13. Bf4 d3 
14. Bxe5 dxe2 15. Bxg7 f5 16. Bf6 Qd7 17. Bxh8 fxe4 18. Nd2 Qxd6 19. Nxe4 Qd3 
20. f3 Bd7 21. Bd4 Nd5 22. Kf2 Bb5 23. Rhe1 O-O-O 24. a4 Ba6 25. Nc5 Qf5 
26. Nxa6 bxa6 27. Rxe2 Nf4 28. Re4 e5 29. Be3 Nd5 30. Rc4+ Kb7 31. Bxh6 Nf4 
32. Bxf4 exf4 33. Rd1 Rxd1 34. Bxd1 Qd3 35. Rd4 Qe3+ 36. Kf1 a5 37. g3 fxg3 
38. hxg3 Qc1 39. Ke2 Qxb2+ 40. Kd3 Qb1+ 41. Kd2 g5 42. f4 gxf4 43. gxf4 Kc6 
44. Bc2 Qg1 45. Bd3 Qf2+ 46. Kc1 Kc5 47. Bc2 Qg1+ 48. Kb2 Qh2 49. f5 Qb8+ 
50. Bb3 Qh2+ 51. Ka3 Qh1 52. Rd5+ Kb6 53. Kb2 Qg2+ 54. Kc1 Qf1+ 55. Kb2 Qg2+ 
56. Ka3 Qh1 
1/2-1/2

[Event "34th Chess Olympiad (men)"]
[Site "Istanbul"]
[Date "2000.10.31"]
[Round "4.22.3"]
[White "Meijers, Viesturs"]
[Black "Barus, Cerdas"]
[WhiteElo "2478"]
[BlackElo "2435"]
[WhiteCountry "LAT"]
[BlackCountry "INA"]
[Result "1/2-1/2"]

1. e4 c6 2. d4 d5 3. exd5 cxd5 4. c4 Nf6 5. Nc3 e6 6. Nf3 Bb4 7. Bd3 O-O 
8. O-O dxc4 9. Bxc4 b6 10. Qd3 Bb7 11. Rd1 Nbd7 12. Bg5 Bxc3 13. bxc3 Qc7 
14. Bb3 Be4 15. Qe3 b5 16. Ne5 Qb7 17. f3 Bd5 18. Bc2 Rfc8 19. Rdb1 Qc7 
20. Nxd7 Nxd7 21. Qd3 Nf8 22. Bd2 Rab8 23. Rb2 Rb6 24. a4 Bc4 25. Qe4 Bd5 
26. Qe1 bxa4 27. Rxb6 axb6 28. Rxa4 b5 29. Rb4 Bc4 30. Bb3 Nd7 31. Bc2 Nb6 
32. Qe4 f5 33. Qe1 Qd6 34. Rb1 Ra8 35. Ra1 Qb8 36. Rxa8 Qxa8 37. h4 Qb8 
38. h5 h6 39. g4 fxg4 40. fxg4 Bd5 41. g5 Nc4 42. Bc1 hxg5 43. Bxg5 Qf8 
44. Qg3 Nd6 45. Bf4 Ne4 46. Bxe4 Bxe4 47. h6 Kh8 
1/2-1/2

[Event "34th Chess Olympiad (men)"]
[Site "Istanbul"]
[Date "2000.10.31"]
[Round "4.22.4"]
[White "Hamdani, Rudin"]
[Black "Neiksans, Arturs"]
[WhiteElo "2385"]
[BlackElo "2355"]
[WhiteCountry "INA"]
[BlackCountry "LAT"]
[Result "0-1"]

1. e4 e5 2. Nf3 Nf6 3. Nc3 Nc6 4. Bb5 Bb4 5. O-O O-O 6. d3 d6 7. Bg5 Bxc3 
8. bxc3 Bd7 9. c4 a6 10. Ba4 Ne7 11. c3 Bxa4 12. Qxa4 Ng6 13. Rab1 b6 
14. Ne1 Qe8 15. Qd1 Nd7 16. Qg4 Nc5 17. Be3 Qd7 18. Qd1 Ne6 19. Nc2 f5 
20. f3 fxe4 21. dxe4 Qa4 22. Nb4 Qxd1 23. Rfxd1 Rf7 24. a4 a5 25. Nd5 Ngf8 
26. Kf1 Nd7 27. Ke2 Ndc5 28. Ra1 h6 29. Ra2 Raf8 30. Rdd2 Kh7 31. Kd1 g5 
32. h3 Kg6 33. Ke2 h5 34. Bxc5 Nxc5 35. Ne3 Ne6 36. Kd1 Nc5 37. Ke2 Kf6 
38. Kd1 Ke6 39. Kc2 Rg8 40. Re2 Rfg7 41. Ra1 Kd7 42. Nf5 Rg6 43. Ne3 Kd8 
44. Ra3 g4 45. hxg4 hxg4 46. Nxg4 Rxg4 47. fxg4 Rxg4 48. Kd2 Nxe4+ 49. Ke3 Nc5 
50. Kf3 Rxc4 51. g4 Rf4+ 52. Kg3 Ne4+ 53. Kh4 Nf2 54. Rxf2 Rxf2 55. Kg5 d5 
56. Ra1 Kd7 57. Kg6 d4 58. cxd4 exd4 59. Rd1 c5 60. g5 Kd6 61. Kg7 Rg2 
62. g6 Kd5 63. Rb1 d3 64. Rxb6 c4 
0-1

[Event "34th Chess Olympiad (men)"]
[Site "Istanbul"]
[Date "2000.10.31"]
[Round "4.23.1"]
[White "Espinosa, Rafael"]
[Black "Claesen, Pieter"]
[WhiteElo "2406"]
[BlackElo "2416"]
[WhiteCountry "MEX"]
[BlackCountry "BEL"]
[Result "1/2-1/2"]

1. e4 e6 2. d4 d5 3. e5 c5 4. c3 Qb6 5. Nf3 Nc6 6. a3 Nh6 7. b4 cxd4 
8. cxd4 Nf5 9. Bb2 Be7 10. Bd3 a5 11. Bxf5 exf5 12. Nc3 
1/2-1/2